000 01091nam a2200229Ia 4500
001 11835
003 GE_BSU
008 181216s||||||||xx |||||||||||||| ||und||
040 _cGE_BSU
080 _a636.4(075.32)+331.362.1
245 _aმეღორეობა
245 _bსოფლის მეურნ. 2 თანრიგის ოსტატთა მოსაპოვებლად. სამწლიანი აგროზოოტექნიკური კურსები. სწავლების მეორე წელი
245 _cრედ.პროფ.პ.ნ. კუდრიავცევის. რედ. ი.პოპიაშვილი
250 _a2 რუსული გამოცემიდან
260 _aთბილისი
260 _bსახელგამი
260 _c1955
300 _a382გვ.22სმ.
653 _aმეღორეობა
653 _aსოფლის მეურნ. 2 თანრიგის ოსტატთა მოსაპოვებლად
942 _cBK
999 _c45014
_d45014